[Event "NB I. Charousek csoport"]
[Site "Gyor"]
[Date "2024.04.07"]
[Round "9.5"]
[White "Geher, Koppany"]
[Black "Csidey, Csongor"]
[Result "1-0"]
[WhiteElo "2274"]
[BlackElo "2065"]
[PlyCount "99"]
[EventDate "2023.10.08"]
[EventType "team-tourn"]
[EventRounds "11"]
[EventCountry "HUN"]
[Source "chess.hu"]
[WhiteTeam "MTK Budapest"]
[BlackTeam "Szechenyi ESE Gyor"]
[WhiteTeamCountry "HUN"]
[BlackTeamCountry "HUN"]

1. e4 c5 2. Nf3 e6 3. d4 cxd4 4. Nxd4 Nf6 5. Nc3 Nc6 6. Ndb5 Bb4 7. a3 Bxc3+ 8.
Nxc3 d5 9. Bd3 dxe4 10. Nxe4 Nxe4 11. Bxe4 Qxd1+ 12. Kxd1 Bd7 13. Be3 O-O-O 14.
Kc1 f5 15. Bd3 e5 16. f3 Be6 17. Re1 Rhe8 18. b4 Kc7 19. Kb2 f4 20. Bf2 Bf7 21.
Re2 Nd4 22. Bxd4 exd4 23. Rae1 Rxe2 24. Rxe2 h6 25. Re5 g5 26. Rf5 Bd5 27. h4
Kc6 28. hxg5 hxg5 29. Rxg5 Rg8 30. Rf5 Rxg2 31. Rxf4 Rf2 32. Rf6+ Kd7 33. f4
Ke7 34. Rf5 Kd6 35. Rf8 Ke7 36. Rf5 Kd6 37. b5 b6 38. a4 Be6 39. Rf8 Ke7 40.
Ra8 Rxf4 41. Rxa7+ Kd6 42. Ra6 Kc5 43. a5 Bf5 44. Bxf5 Rxf5 45. Rxb6 Rf2 46.
Kb3 Rf1 47. Rb7 Rb1+ 48. Ka2 Rxb5 49. Rxb5+ Kxb5 50. Kb3 1-0

[Event "NB I. Charousek csoport"]
[Site "Gyor"]
[Date "2024.04.07"]
[Round "9.6"]
[White "Papp, Gabor Dr"]
[Black "Fodor, Balazs"]
[Result "0-1"]
[WhiteElo "1995"]
[BlackElo "2244"]
[PlyCount "62"]
[EventDate "2023.10.08"]
[EventType "team-tourn"]
[EventRounds "11"]
[EventCountry "HUN"]
[Source "chess.hu"]
[WhiteTeam "Szechenyi ESE Gyor"]
[BlackTeam "MTK Budapest"]
[WhiteTeamCountry "HUN"]
[BlackTeamCountry "HUN"]

1. d4 d5 2. Nf3 Nf6 3. Bf4 c5 4. e3 Nc6 5. c3 Qb6 6. Qb3 c4 7. Qxb6 axb6 8.
Nbd2 b5 9. Ne5 Bf5 10. f3 h6 11. g4 Bh7 12. Be2 e6 13. h4 b4 14. Kf2 bxc3 15.
bxc3 Ba3 16. g5 Nd7 17. g6 fxg6 18. Rab1 Ndxe5 19. Bxe5 Nxe5 20. dxe5 Ra7 21.
Rb5 Be7 22. Rhb1 Rxa2 23. Rxb7 Bxh4+ 24. Kf1 O-O 25. R1b2 Rxb2 26. Rxb2 Bg3 27.
f4 g5 28. Bg4 gxf4 29. Bxe6+ Kh8 30. Bxd5 fxe3+ 31. Nf3 Bxe5 0-1

[Event "NB I. Charousek csoport"]
[Site "Gyor"]
[Date "2024.04.07"]
[Round "9.7"]
[White "Terbe, Zsuzsanna"]
[Black "Pram, Imre"]
[Result "1-0"]
[WhiteElo "2174"]
[BlackElo "2034"]
[PlyCount "87"]
[EventDate "2023.10.08"]
[EventType "team-tourn"]
[EventRounds "11"]
[EventCountry "HUN"]
[Source "chess.hu"]
[WhiteTeam "MTK Budapest"]
[BlackTeam "Szechenyi ESE Gyor"]
[WhiteTeamCountry "HUN"]
[BlackTeamCountry "HUN"]

1. d4 Nf6 2. c4 e6 3. Nc3 d5 4. cxd5 exd5 5. Bg5 Be7 6. e3 h6 7. Bh4 c6 8. Bd3
Nbd7 9. Nge2 Ne4 10. Bxe7 Qxe7 11. Bxe4 dxe4 12. Ng3 Nf6 13. Qc2 O-O 14. Ngxe4
Bf5 15. Nxf6+ Qxf6 16. Qd2 Qg6 17. O-O Rad8 18. f3 Rfe8 19. e4 Bc8 20. Qf2 b6
21. Rad1 Bb7 22. Rd2 Re7 23. Rfd1 Red7 24. b4 Qd6 25. b5 Qb4 26. bxc6 Bxc6 27.
Qe3 Bb7 28. d5 Rc8 29. Ne2 Ba6 30. e5 Bxe2 31. Qxe2 Qc5+ 32. Kh1 Re8 33. h3 Qb4
34. Rd4 Qc5 35. f4 Rde7 36. d6 Rd7 37. Rd5 Qc3 38. f5 Rdd8 39. e6 fxe6 40. fxe6
Qf6 41. Re5 a6 42. Rf1 Qg6 43. d7 Re7 44. Qxa6 1-0

[Event "NB I. Charousek csoport"]
[Site "Gyor"]
[Date "2024.04.07"]
[Round "9.8"]
[White "Szabo, Laszlo"]
[Black "Virag, Balint"]
[Result "0-1"]
[WhiteElo "1971"]
[BlackElo "2127"]
[PlyCount "98"]
[EventDate "2023.10.08"]
[EventType "team-tourn"]
[EventRounds "11"]
[EventCountry "HUN"]
[Source "chess.hu"]
[WhiteTeam "Szechenyi ESE Gyor"]
[BlackTeam "MTK Budapest"]
[WhiteTeamCountry "HUN"]
[BlackTeamCountry "HUN"]

1. e4 e5 2. Nf3 Nc6 3. Bb5 a6 4. Ba4 Nf6 5. d4 Nxe4 6. Qe2 Nd6 7. dxe5 Nf5 8.
Nc3 b5 9. Bb3 Nfd4 10. Qd3 Nxb3 11. axb3 Rb8 12. O-O Nb4 13. Qe2 Be7 14. Bf4
O-O 15. Rad1 f6 16. Ne4 fxe5 17. Bxe5 d6 18. c3 Nc6 19. Bg3 Bg4 20. Rfe1 Bxf3
21. gxf3 Bf6 22. Kg2 Be5 23. Qd2 Kh8 24. f4 Bf6 25. Qd5 Ne7 26. Qe6 Ng6 27. Qg4
Qc8 28. Qh5 Bh4 29. Ng5 Bxg5 30. Qxg5 Rf5 31. Qg4 Qf8 32. Re4 Qf7 33. Rde1 Rf8
34. Kg1 Qxb3 35. h4 Qd5 36. Re8 Kg8 37. h5 Rxh5 38. Rxf8+ Nxf8 39. f3 Rf5 40.
Re7 Rf7 41. Re8 Qd1+ 42. Kg2 Qd2+ 43. Kh3 Qxb2 44. Qe6 Qxc3 45. Rxf8+ Kxf8 46.
Qc8+ Ke7 47. Bh4+ Rf6 48. Kg4 Qc4 49. Qh8 Qxf4+ 0-1

[Event "NB I. Charousek csoport"]
[Site "Gyor"]
[Date "2024.04.07"]
[Round "9.9"]
[White "Gergely, Daniel"]
[Black "Molnar, Gabor"]
[Result "1-0"]
[WhiteElo "2262"]
[BlackElo "1968"]
[PlyCount "61"]
[EventDate "2023.10.08"]
[EventType "team-tourn"]
[EventRounds "11"]
[EventCountry "HUN"]
[Source "chess.hu"]
[WhiteTeam "MTK Budapest"]
[BlackTeam "Szechenyi ESE Gyor"]
[WhiteTeamCountry "HUN"]
[BlackTeamCountry "HUN"]

1. d4 Nf6 2. c4 e5 3. dxe5 Ng4 4. Bf4 Bb4+ 5. Nd2 Nc6 6. Ngf3 Qe7 7. e3 Ngxe5
8. Nxe5 Nxe5 9. a3 Bxd2+ 10. Qxd2 d6 11. Be2 Be6 12. Rc1 Rd8 13. Qb4 b6 14. O-O
a5 15. Qc3 f6 16. c5 bxc5 17. Qxa5 O-O 18. Qc3 Rb8 19. b4 cxb4 20. axb4 Rb7 21.
Rb1 Rfb8 22. e4 Bd7 23. Ba6 Rb6 24. Qxc7 Qe8 25. Bc4+ Kh8 26. Bd5 Bb5 27. Rfd1
Ba4 28. Rd4 Nc6 29. Bf7 Nxd4 30. Bxe8 Rxb4 31. Qxb8 1-0

[Event "NB I. Charousek csoport"]
[Site "Gyor"]
[Date "2024.04.07"]
[Round "9.10"]
[White "Kocsis, Tihamer"]
[Black "Toth, Lili"]
[Result "1/2-1/2"]
[WhiteElo "1933"]
[BlackElo "2003"]
[PlyCount "116"]
[EventDate "2023.10.08"]
[EventType "team-tourn"]
[EventRounds "11"]
[EventCountry "HUN"]
[Source "chess.hu"]
[WhiteTeam "Szechenyi ESE Gyor"]
[BlackTeam "MTK Budapest"]
[WhiteTeamCountry "HUN"]
[BlackTeamCountry "HUN"]

1. e4 e5 2. Nc3 Nc6 3. Bc4 Nf6 4. d3 Na5 5. Bb3 Nxb3 6. axb3 Be7 7. Bg5 c6 8.
Nf3 d6 9. h3 Qc7 10. Qe2 h6 11. Bd2 Be6 12. Qe3 a5 13. O-O O-O 14. Na4 Nd7 15.
d4 f5 16. dxe5 dxe5 17. exf5 Bxf5 18. c4 Rae8 19. c5 Bf6 20. Nb6 e4 21. Nd4
Bxd4 22. Qxd4 Ne5 23. Qe3 Rd8 24. Bxa5 Qf7 25. Nc4 Nxc4 26. bxc4 Rd3 27. Qe2
Qg6 28. Kh2 Bxh3 29. f3 exf3 30. Rxf3 Rfxf3 31. gxf3 Bf5 32. Rg1 Qh5+ 33. Kg3
Qh3+ 34. Kf2 Qh4+ 35. Rg3 Qd4+ 36. Kg2 Rd1 37. Be1 Rb1 38. Bf2 Qf6 39. Qe8+ Kh7
40. Qb8 Rxb2 41. Qd6 Qc3 42. Qf4 Bg6 43. Qd6 Qd3 44. Rg4 Qc2 45. Kh1 Qf5 46.
Kg2 Bh5 47. Rg3 Rb3 48. Qd1 Rd3 49. Qe2 Bf7 50. Qb2 Qf6 51. Qxb7 Bxc4 52. Qb1
Qc3 53. Qe1 Bd5 54. Qxc3 Rxc3 55. Rxg7+ Kxg7 56. Bd4+ Kg6 57. Bxc3 Kf5 58. Kg3
h5 1/2-1/2

[Event "NB I. Charousek csoport"]
[Site "Gyor"]
[Date "2024.04.07"]
[Round "9.11"]
[White "Kaloczi, Kristof"]
[Black "Gulacsi, Donat Ferenc"]
[Result "1-0"]
[WhiteElo "2030"]
[BlackElo "1940"]
[PlyCount "47"]
[EventDate "2023.10.08"]
[EventType "team-tourn"]
[EventRounds "11"]
[EventCountry "HUN"]
[Source "chess.hu"]
[WhiteTeam "MTK Budapest"]
[BlackTeam "Szechenyi ESE Gyor"]
[WhiteTeamCountry "HUN"]
[BlackTeamCountry "HUN"]

1. e4 c6 2. d4 d5 3. e5 Bf5 4. Nf3 e6 5. Be2 Ne7 6. c3 Nd7 7. O-O c5 8. dxc5
Nc6 9. b4 a5 10. Qb3 Ndxe5 11. Nxe5 Nxe5 12. Bb5+ Nc6 13. Ba4 Be7 14. b5 Nb8
15. b6+ Nd7 16. c6 bxc6 17. Bxc6 Rc8 18. Qb5 e5 19. b7 Rb8 20. Be3 d4 21. cxd4
exd4 22. Bxd4 Bf6 23. Qxf5 Bxd4 24. Qe4+ 1-0

[Event "NB I. Charousek csoport"]
[Site "Gyor"]
[Date "2024.04.07"]
[Round "9.12"]
[White "Farkas, Virag"]
[Black "Varga, Boldizsar"]
[Result "0-1"]
[WhiteElo "1787"]
[BlackElo "1991"]
[PlyCount "80"]
[EventDate "2023.10.08"]
[EventType "team-tourn"]
[EventRounds "11"]
[EventCountry "HUN"]
[Source "chess.hu"]
[WhiteTeam "Szechenyi ESE Gyor"]
[BlackTeam "MTK Budapest"]
[WhiteTeamCountry "HUN"]
[BlackTeamCountry "HUN"]

1. e4 c5 2. Nf3 Nc6 3. d4 cxd4 4. Nxd4 d5 5. exd5 Qxd5 6. Be3 e6 7. Nc3 Bb4 8.
Ndb5 Qe5 9. Be2 a6 10. Nd4 Nge7 11. O-O O-O 12. Bd3 Rd8 13. Nf3 Qh5 14. Ne4 f6
15. Bb6 Rd7 16. a3 Ba5 17. Be3 Nd5 18. Qe2 Bc7 19. Ng3 Qf7 20. Bd2 b5 21. Ne4
h6 22. Nc5 Re7 23. c4 Qh5 24. Qe4 f5 25. Qh4 Qxh4 26. Nxh4 bxc4 27. Bxc4 Nb6
28. Ba2 Kh7 29. f4 g6 30. Rae1 e5 31. fxe5 Bxe5 32. Nf3 Bxb2 33. Rxe7+ Nxe7 34.
Re1 Ra7 35. Ba5 Ned5 36. Re8 Bxa3 37. Bxd5 Bxc5+ 38. Kf1 Nxd5 39. Rxc8 Bb6 40.
Bd2 a5 0-1

[Event "NB I. Charousek csoport"]
[Site "Paks"]
[Date "2024.04.07"]
[Round "9.1"]
[White "Fogarasi, Tibor"]
[Black "Videki, Sandor"]
[Result "1/2-1/2"]
[WhiteElo "2299"]
[BlackElo "2339"]
[PlyCount "37"]
[EventDate "2023.10.08"]
[EventType "team-tourn"]
[EventRounds "11"]
[EventCountry "HUN"]
[Source "chess.hu"]
[WhiteTeam "Biatorbagy II"]
[BlackTeam "ASE II. Paks"]
[WhiteTeamCountry "HUN"]
[BlackTeamCountry "HUN"]

1. e4 c6 2. d4 d5 3. e5 Bf5 4. c4 e6 5. Nc3 Ne7 6. h3 h6 7. Nf3 Nd7 8. b3 Nc8
9. a3 Be7 10. Be2 O-O 11. O-O a6 12. Be3 Bg6 13. c5 f5 14. Qd2 Qe8 15. Ne1 Bh5
16. Bd3 g5 17. g3 Kh8 18. f4 Rg8 19. Kh2 1/2-1/2

[Event "NB I. Charousek csoport"]
[Site "Paks"]
[Date "2024.04.07"]
[Round "9.3"]
[White "Fodor, Istvan"]
[Black "Forgacs, Attila Jr"]
[Result "0-1"]
[WhiteElo "2334"]
[BlackElo "2265"]
[PlyCount "92"]
[EventDate "2023.10.08"]
[EventType "team-tourn"]
[EventRounds "11"]
[EventCountry "HUN"]
[Source "chess.hu"]
[WhiteTeam "Biatorbagy II"]
[BlackTeam "ASE II. Paks"]
[WhiteTeamCountry "HUN"]
[BlackTeamCountry "HUN"]

1. Nf3 Nf6 2. c4 g6 3. Nc3 Bg7 4. e4 d6 5. d4 O-O 6. Be2 e5 7. O-O Nc6 8. d5
Ne7 9. b4 Ne8 10. a4 a5 11. bxa5 Rxa5 12. Ra3 f5 13. Re1 f4 14. Nd2 Nf6 15. Nb3
Ra8 16. c5 g5 17. a5 g4 18. Bc4 f3 19. g3 h5 20. Be3 h4 21. cxd6 cxd6 22. Bb6
Qe8 23. Nb5 Qh5 24. Nxd6 Nh7 25. Nb5 hxg3 26. fxg3 f2+ 27. Bxf2 Rxf2 28. Kxf2
Qxh2+ 29. Ke3 Nf5+ 30. Kd3 Qxg3+ 31. Kc2 Ne3+ 32. Rxe3 Qxe3 33. Qd3 Qf2+ 34.
Kb1 Bd7 35. Nc7 Rf8 36. Ne6 Qe1+ 37. Nc1 Rf3 38. Qxf3 gxf3 39. Nxg7 Qb4+ 40.
Rb3 Qxc4 41. Nh5 Qxe4+ 42. Kb2 Qg4 43. Rxb7 Qxh5 44. Rxd7 f2 45. Rd8+ Nf8 46.
Rxf8+ Kxf8 0-1

[Event "NB I. Charousek csoport"]
[Site "Paks"]
[Date "2024.04.07"]
[Round "9.4"]
[White "Bodrogi, Bendeguz"]
[Black "Szabo, Balazs"]
[Result "1-0"]
[WhiteElo "2351"]
[BlackElo "2241"]
[PlyCount "69"]
[EventDate "2023.10.08"]
[EventType "team-tourn"]
[EventRounds "11"]
[EventCountry "HUN"]
[Source "chess.hu"]
[WhiteTeam "ASE II. Paks"]
[BlackTeam "Biatorbagy II"]
[WhiteTeamCountry "HUN"]
[BlackTeamCountry "HUN"]

1. Nf3 g6 2. e4 Bg7 3. d4 c6 4. Be2 d5 5. exd5 cxd5 6. O-O Nc6 7. Bf4 Nf6 8. c3
O-O 9. Nbd2 Bf5 10. Ne5 Nxe5 11. Bxe5 Ne4 12. Bxg7 Kxg7 13. Nf3 Bg4 14. Ne5
Bxe2 15. Qxe2 Nd6 16. g3 Rc8 17. Kg2 Rc7 18. h4 h5 19. Nd3 Nc4 20. Rae1 Qd7 21.
Rh1 Qf5 22. f3 Nxb2 23. Nxb2 Rxc3 24. Rc1 Rfc8 25. Nd3 R8c4 26. Rxc3 Rxc3 27.
Rd1 Qc8 28. Nf2 e6 29. g4 Qc7 30. gxh5 gxh5 31. Rd3 Rc2 32. Rd2 Rc3 33. Nd3 f6
34. Nc5 Kg6 35. Rc2 1-0

[Event "NB I. Charousek csoport"]
[Site "Paks"]
[Date "2024.04.07"]
[Round "9.5"]
[White "Szakmary, Domonkos"]
[Black "Bernath, Bence"]
[Result "1-0"]
[WhiteElo "2033"]
[BlackElo "2261"]
[PlyCount "71"]
[EventDate "2023.10.08"]
[EventType "team-tourn"]
[EventRounds "11"]
[EventCountry "HUN"]
[Source "chess.hu"]
[WhiteTeam "Biatorbagy II"]
[BlackTeam "ASE II. Paks"]
[WhiteTeamCountry "HUN"]
[BlackTeamCountry "HUN"]

1. e4 e5 2. Nf3 Nc6 3. d4 exd4 4. Bc4 Nf6 5. e5 d5 6. Bb5 Ne4 7. Nxd4 Bd7 8.
Bxc6 bxc6 9. O-O Bc5 10. f3 Ng5 11. f4 Ne4 12. Be3 Bb6 13. Nd2 c5 14. N4f3 Nxd2
15. Qxd2 d4 16. Bf2 Bc6 17. a4 a5 18. f5 Qd5 19. Bh4 Kd7 20. e6+ fxe6 21. fxe6+
Kc8 22. Rae1 Re8 23. e7 h6 24. Ne5 g5 25. Nxc6 Qxc6 26. Bf2 Qxa4 27. Qd3 Qd7
28. Qe4 Ra7 29. Bg3 c4 30. Rf8 d3+ 31. Kh1 d2 32. Qg6 dxe1=Q+ 33. Bxe1 Qd4 34.
Qxe8+ Kb7 35. Qc8+ Kc6 36. e8=Q+ 1-0

[Event "NB I. Charousek csoport"]
[Site "Paks"]
[Date "2024.04.07"]
[Round "9.6"]
[White "Benedeczky, Lehel Dr"]
[Black "Felmery, Mate"]
[Result "1/2-1/2"]
[WhiteElo "2140"]
[BlackElo "2159"]
[PlyCount "56"]
[EventDate "2023.10.08"]
[EventType "team-tourn"]
[EventRounds "11"]
[EventCountry "HUN"]
[Source "chess.hu"]
[WhiteTeam "ASE II. Paks"]
[BlackTeam "Biatorbagy II"]
[WhiteTeamCountry "HUN"]
[BlackTeamCountry "HUN"]

1. d4 Nf6 2. c4 e6 3. Nc3 Bb4 4. e3 O-O 5. Bd3 d5 6. Nf3 c5 7. O-O a6 8. a3
Bxc3 9. bxc3 dxc4 10. Bxc4 b5 11. Bd3 c4 12. Bc2 Bb7 13. a4 Qd5 14. axb5 axb5
15. Rxa8 Bxa8 16. Ba3 Re8 17. Qb1 Bc6 18. Re1 Ne4 19. Bxe4 Qxe4 20. Qxe4 Bxe4
21. Ra1 Nd7 22. Bb4 Ra8 23. Rxa8+ Bxa8 24. Nd2 f5 25. f3 Nf6 26. Kf2 Kf7 27.
Nf1 Ke8 28. Ng3 h6 1/2-1/2

[Event "NB I. Charousek csoport"]
[Site "Paks"]
[Date "2024.04.07"]
[Round "9.7"]
[White "Erdos, Boglarka"]
[Black "Szegedy, Matyas"]
[Result "0-1"]
[WhiteElo "2121"]
[BlackElo "2188"]
[PlyCount "158"]
[EventDate "2023.10.08"]
[EventType "team-tourn"]
[EventRounds "11"]
[EventCountry "HUN"]
[Source "chess.hu"]
[WhiteTeam "Biatorbagy II"]
[BlackTeam "ASE II. Paks"]
[WhiteTeamCountry "HUN"]
[BlackTeamCountry "HUN"]

1. e4 c6 2. d4 d5 3. exd5 cxd5 4. Bd3 Nc6 5. c3 Nf6 6. Bg5 Bg4 7. Qb3 Qd7 8.
Nd2 e6 9. Ngf3 Bh5 10. O-O Bd6 11. Rfe1 O-O 12. Qc2 Bg6 13. Bxg6 hxg6 14. Qd3
Qc7 15. Re2 b5 16. Rae1 Nd7 17. Bh4 Rfc8 18. Ng5 Bxh2+ 19. Kh1 Bf4 20. Ndf3 Nf8
21. Qxb5 Ne7 22. Nh3 Nf5 23. Bg5 Bxg5 24. Nhxg5 Rab8 25. Qd3 Rb6 26. Rc2 f6 27.
Nh3 g5 28. Nh2 Ng6 29. Kg1 Kf7 30. b3 Rc6 31. Rec1 Rh8 32. c4 dxc4 33. Rxc4
Rxc4 34. Qxc4 Qd7 35. Qc7 Rd8 36. Ng4 Nxd4 37. Kf1 Nb5 38. Qxd7+ Rxd7 39. Ne3
Ne5 40. Rc5 Nd4 41. Nxg5+ Ke7 42. Ne4 Nd3 43. Rc8 f5 44. Nc5 Nxc5 45. Rxc5 Kf6
46. Nc2 Nxc2 47. Rxc2 g5 48. Ke2 f4 49. b4 Kf5 50. a4 g4 51. b5 Rd4 52. a5 Ra4
53. a6 Rb4 54. Rc7 Rxb5 55. Rxa7 Rb2+ 56. Ke1 Ra2 57. Ra8 Ke4 58. a7 e5 59. Kf1
g3 60. fxg3 Ke3 61. Kg1 fxg3 62. Rf8 Rxa7 63. Rf3+ Ke2 64. Rxg3 e4 65. Rg8 e3
66. g4 Rd7 67. Ra8 Rg7 68. Ra2+ Kf3 69. Ra8 Rxg4+ 70. Kh2 Kf2 71. Rf8+ Ke1 72.
Rd8 e2 73. Kh3 Rg5 74. Rd7 Kf2 75. Rf7+ Ke3 76. Re7+ Kf3 77. Kh2 Rg4 78. Kh1
Re4 79. Rf7+ Ke3 0-1

[Event "NB I. Charousek csoport"]
[Site "Paks"]
[Date "2024.04.07"]
[Round "9.8"]
[White "Berta, Tibor"]
[Black "Jamrich, Gyorgy"]
[Result "1-0"]
[WhiteElo "2034"]
[BlackElo "2178"]
[PlyCount "61"]
[EventDate "2023.10.08"]
[EventType "team-tourn"]
[EventRounds "11"]
[EventCountry "HUN"]
[Source "chess.hu"]
[WhiteTeam "ASE II. Paks"]
[BlackTeam "Biatorbagy II"]
[WhiteTeamCountry "HUN"]
[BlackTeamCountry "HUN"]

1. d4 d5 2. Nf3 c6 3. c3 Bf5 4. Bf4 e6 5. e3 Bd6 6. Bg3 f6 7. Bh4 Ne7 8. Bd3 g5
9. Bg3 h5 10. Bxf5 exf5 11. Bxd6 Qxd6 12. Qc2 Nd7 13. a3 O-O-O 14. Nbd2 h4 15.
O-O-O Kb8 16. Kb1 Qe6 17. g3 Nc8 18. gxh4 g4 19. Ne1 Nd6 20. Ng2 Rdg8 21. Nf4
Qe8 22. c4 dxc4 23. Nxc4 Nxc4 24. Qxc4 Rxh4 25. d5 Ne5 26. Qc5 Qf8 27. d6 Qf7
28. d7 Rd8 29. Qd6+ Ka8 30. Ne6 Rxd7 31. Nc7+ 1-0

[Event "NB I. Charousek csoport"]
[Site "Paks"]
[Date "2024.04.07"]
[Round "9.9"]
[White "Sulyok, Eszter"]
[Black "Toth, Nikoletta"]
[Result "1-0"]
[WhiteElo "2093"]
[BlackElo "1995"]
[PlyCount "97"]
[EventDate "2023.10.08"]
[EventType "team-tourn"]
[EventRounds "11"]
[EventCountry "HUN"]
[Source "chess.hu"]
[WhiteTeam "Biatorbagy II"]
[BlackTeam "ASE II. Paks"]
[WhiteTeamCountry "HUN"]
[BlackTeamCountry "HUN"]

1. Nf3 d5 2. g3 Nf6 3. Bg2 e6 4. O-O Be7 5. d3 Nbd7 6. Nbd2 b6 7. c4 Bb7 8. a3
c5 9. Ne1 Qc7 10. e3 O-O 11. f4 dxc4 12. dxc4 Bxg2 13. Nxg2 Qc6 14. Qc2 Ng4 15.
e4 e5 16. h3 Ngf6 17. f5 Ne8 18. Ne3 Bd8 19. Nf3 f6 20. Rd1 Rf7 21. Nd5 Nf8 22.
Be3 g6 23. g4 Nc7 24. b4 Be7 25. b5 Qb7 26. Nxe7+ Rxe7 27. g5 gxf5 28. gxf6 Rf7
29. Qg2+ Kh8 30. Nxe5 Rxf6 31. Bg5 Rg6 32. Nxg6+ hxg6 33. Bh6 Nce6 34. exf5
Qxg2+ 35. Kxg2 gxf5 36. Rd6 Nd4 37. Re1 Nh7 38. Kf2 f4 39. Rg1 Rg8 40. Rxg8+
Kxg8 41. Bxf4 Nc2 42. Rd8+ Kf7 43. Rd7+ Kg6 44. Rxa7 Nf6 45. a4 Kf5 46. Bc1
Ne4+ 47. Kf1 Nd6 48. a5 bxa5 49. b6 1-0

[Event "NB I. Charousek csoport"]
[Site "Paks"]
[Date "2024.04.07"]
[Round "9.10"]
[White "Buri, Petra Zsuzsanna"]
[Black "Farkas, Otto Jr"]
[Result "0-1"]
[WhiteElo "1947"]
[BlackElo "1940"]
[PlyCount "70"]
[EventDate "2023.10.08"]
[EventType "team-tourn"]
[EventRounds "11"]
[EventCountry "HUN"]
[Source "chess.hu"]
[WhiteTeam "ASE II. Paks"]
[BlackTeam "Biatorbagy II"]
[WhiteTeamCountry "HUN"]
[BlackTeamCountry "HUN"]

1. e4 Nf6 2. e5 Nd5 3. d4 Nb6 4. c4 d6 5. exd6 cxd6 6. Nc3 g6 7. Be3 Bg7 8. Rc1
O-O 9. Nf3 Bg4 10. h3 Bxf3 11. Qxf3 Nc6 12. Qd1 d5 13. c5 Nc8 14. g3 e6 15. Bg2
N8e7 16. O-O Nf5 17. Ne2 Qf6 18. b4 Nfxd4 19. Nxd4 Nxd4 20. Qd2 Nf3+ 21. Bxf3
Qxf3 22. Bh6 Rfe8 23. Bxg7 Kxg7 24. Rfe1 Rad8 25. Re3 Qf6 26. Ra3 a6 27. c6 Qe7
28. c7 Rc8 29. Qd4+ e5 30. Qb6 d4 31. f3 Qe6 32. Qxb7 Qxh3 33. Rc6 Qxg3+ 34.
Kf1 e4 35. Rc2 d3 0-1

[Event "NB I. Charousek csoport"]
[Site "Paks"]
[Date "2024.04.07"]
[Round "9.11"]
[White "Makay, Mark Janos"]
[Black "Nagy, Lajos"]
[Result "1-0"]
[WhiteElo "2068"]
[BlackElo "1855"]
[PlyCount "147"]
[EventDate "2023.10.08"]
[EventType "team-tourn"]
[EventRounds "11"]
[EventCountry "HUN"]
[Source "chess.hu"]
[WhiteTeam "Biatorbagy II"]
[BlackTeam "ASE II. Paks"]
[WhiteTeamCountry "HUN"]
[BlackTeamCountry "HUN"]

1. e4 e5 2. Nf3 Nc6 3. Bc4 Bc5 4. c3 Nf6 5. d3 a6 6. O-O Ba7 7. h3 d6 8. Nbd2
Na5 9. a4 Nxc4 10. Nxc4 b5 11. Ne3 O-O 12. Re1 Bd7 13. a5 Re8 14. Nf1 Rb8 15.
b4 c5 16. Be3 Qc7 17. Rc1 Qb7 18. Ng3 cxb4 19. Bxa7 Qxa7 20. cxb4 Rbc8 21. Qd2
Qb7 22. Rxc8 Rxc8 23. d4 Qc7 24. dxe5 dxe5 25. Rd1 Re8 26. Qd6 Qxd6 27. Rxd6
Bc8 28. Rc6 Bb7 29. Rb6 Bc8 30. Nd2 Nd7 31. Rc6 g6 32. Ngf1 Kf8 33. Ne3 Nb8 34.
Rc7 Be6 35. Nf3 Re7 36. Rxe7 Kxe7 37. Nxe5 f6 38. Nd3 Nc6 39. Nc2 Bb3 40. Nce1
Bc4 41. f4 Kd6 42. Kf2 f5 43. e5+ Kd5 44. Ke3 h6 45. Nc2 g5 46. g3 Bb3 47. Kd2
Kc4 48. Ne3+ Kd4 49. Nxf5+ Ke4 50. Nxh6 gxf4 51. gxf4 Bc4 52. Nc5+ Kxf4 53.
Nxa6 Kxe5 54. Kc3 Bf1 55. Ng4+ Kd6 56. h4 Bh3 57. Nf2 Bc8 58. Nc5 Ne7 59. Nfe4+
Kc6 60. h5 Nd5+ 61. Kb3 Bg4 62. h6 Bf5 63. Ng5 Nf6 64. Nce6 Bg6 65. Nf8 Bd3 66.
h7 Nxh7 67. Nfxh7 Kb7 68. Nf6 Bf1 69. Nfe4 Be2 70. Nc3 Bf1 71. Nf3 Ka7 72. Nd4
Bc4+ 73. Ka3 Bf1 74. Ndxb5+ 1-0

[Event "NB I. Charousek csoport"]
[Site "Paks"]
[Date "2024.04.07"]
[Round "9.12"]
[White "Buri, Kata"]
[Black "Csoli, Odon"]
[Result "1/2-1/2"]
[WhiteElo "1844"]
[BlackElo "2061"]
[PlyCount "66"]
[EventDate "2023.10.08"]
[EventType "team-tourn"]
[EventRounds "11"]
[EventCountry "HUN"]
[Source "chess.hu"]
[WhiteTeam "ASE II. Paks"]
[BlackTeam "Biatorbagy II"]
[WhiteTeamCountry "HUN"]
[BlackTeamCountry "HUN"]

1. e4 c6 2. d4 d5 3. Nd2 dxe4 4. Nxe4 Nd7 5. Nf3 Ngf6 6. Nxf6+ Nxf6 7. Bc4 Bf5
8. Bf4 e6 9. c3 Be7 10. O-O O-O 11. Re1 Qb6 12. Qb3 Qxb3 13. Bxb3 Nd5 14. Bg3
Rfd8 15. h3 h6 16. Rad1 Kf8 17. c4 Nf6 18. Be5 Rac8 19. g4 Bh7 20. d5 cxd5 21.
cxd5 Nxd5 22. Bxd5 Rxd5 23. Rxd5 exd5 24. Bxg7+ Kxg7 25. Rxe7 Be4 26. Nd2 Rc1+
27. Kh2 Rc2 28. Nxe4 dxe4 29. Rxb7 e3 30. Re7 Rxb2 31. Rxa7 Rxf2+ 32. Kg3 Rb2
33. Re7 Rxa2 1/2-1/2

[Event "NB I. Charousek csoport"]
[Site "Nagykanizsa"]
[Date "2024.04.07"]
[Round "9.1"]
[White "Horvath, Adam"]
[Black "Horvath, Csaba"]
[Result "1/2-1/2"]
[WhiteElo "2442"]
[BlackElo "2493"]
[PlyCount "35"]
[EventDate "2023.10.08"]
[EventType "team-tourn"]
[EventRounds "11"]
[EventCountry "HUN"]
[Source "chess.hu"]
[WhiteTeam "Z.Csuti-Hydrocomp SK"]
[BlackTeam "Tuxera ANSK II."]
[WhiteTeamCountry "HUN"]
[BlackTeamCountry "HUN"]

1. e4 c5 2. Nf3 e6 3. d4 cxd4 4. Nxd4 Nf6 5. Nc3 Nc6 6. Be2 Bb4 7. O-O Bxc3 8.
bxc3 Nxe4 9. Nxc6 dxc6 10. Bd3 Nc5 11. Qg4 Qf6 12. Bg5 Qxc3 13. Rad1 h6 14. Be3
O-O 15. Bd4 e5 16. Qxg7+ Kxg7 17. Bxc3 Nxd3 18. Rxd3 1/2-1/2

[Event "NB I. Charousek csoport"]
[Site "Nagykanizsa"]
[Date "2024.04.07"]
[Round "9.2"]
[White "Galyas, Miklos"]
[Black "Meszaros, Tamas"]
[Result "1/2-1/2"]
[WhiteElo "2394"]
[BlackElo "2375"]
[PlyCount "39"]
[EventDate "2023.10.08"]
[EventType "team-tourn"]
[EventRounds "11"]
[EventCountry "HUN"]
[Source "chess.hu"]
[WhiteTeam "Tuxera ANSK II."]
[BlackTeam "Z.Csuti-Hydrocomp SK"]
[WhiteTeamCountry "HUN"]
[BlackTeamCountry "HUN"]

1. Nf3 Nf6 2. c4 e6 3. Nc3 Bb4 4. Qc2 d6 5. a3 Bxc3 6. Qxc3 e5 7. b4 e4 8. Nd4
O-O 9. e3 Nbd7 10. Be2 c5 11. Nb3 Ne5 12. O-O Bg4 13. f3 exf3 14. Bxf3 Nxf3+
15. gxf3 Bh3 16. Rf2 Ne4 17. fxe4 Qg5+ 18. Kh1 Qh4 19. Bb2 Qxe4+ 20. Kg1
1/2-1/2

[Event "NB I. Charousek csoport"]
[Site "Nagykanizsa"]
[Date "2024.04.07"]
[Round "9.3"]
[White "Nagy, Kristof"]
[Black "Markoja, Boris"]
[Result "0-1"]
[WhiteElo "2210"]
[BlackElo "2462"]
[PlyCount "64"]
[EventDate "2023.10.08"]
[EventType "team-tourn"]
[EventRounds "11"]
[EventCountry "HUN"]
[Source "chess.hu"]
[WhiteTeam "Z.Csuti-Hydrocomp SK"]
[BlackTeam "Tuxera ANSK II."]
[WhiteTeamCountry "HUN"]
[BlackTeamCountry "HUN"]

1. e4 c5 2. Nf3 g6 3. g3 Bg7 4. Bg2 Nc6 5. O-O e5 6. d3 Nge7 7. Be3 b6 8. c4 d6
9. Qd2 h6 10. Nc3 Nd4 11. Ne1 Rb8 12. Rb1 f5 13. f4 exf4 14. gxf4 O-O 15. Nc2
Nec6 16. Nd5 Be6 17. Nxd4 Nxd4 18. b4 Qd7 19. Kh1 Rbe8 20. Qf2 fxe4 21. dxe4
Kh7 22. bxc5 bxc5 23. Qh4 Rf7 24. Bxd4 cxd4 25. f5 gxf5 26. exf5 Bxf5 27. Rb3
d3 28. Rb5 Bg4 29. Nf4 d2 30. Rd5 Rxf4 31. Rxf4 Re1+ 32. Rf1 Rxf1+ 0-1